| 000 | 00361nam a2200145Ia 4500 | ||
|---|---|---|---|
| 008 | 151213s9999 xx 000 0 und d | ||
| 100 | _aLyttan Strachey | ||
| 245 |
_aBooks & Characters _cLyttan Strachey |
||
| 260 |
_aLondon _bClatto & Windus _c1922 |
||
| 300 | _a4529 p. | ||
| 650 | _aCritics | ||
| 650 | _aEnglish | ||
| 700 | _aLyttan Strachey | ||
| 999 |
_c2904 _d2904 |
||